| 000 | 00553nam a2200181 i 4500 | ||
|---|---|---|---|
| 001 | 31388 | ||
| 003 | ES-MaACL | ||
| 005 | 20240427063109.0 | ||
| 007 | t| | ||
| 008 | 030129s1966 ag a |||| |dspa d | ||
| 100 | 1 |
_aBenedetti, Mario, _d1920-2009 _927492 |
|
| 245 | 1 | 0 |
_aGenio y figura de José Enrique Rodó / _cMario Benedetti. |
| 260 |
_aBuenos Aires : _bEd. Universitaria, _c[1966] |
||
| 300 |
_a191 p. : _bil. ; _c19 cm. |
||
| 600 | 1 | 4 |
_aRodó, José Enrique _d1871-1917 _998152 |
| 852 |
_aES-MaACL _jE-9614 |
||
| 999 |
_c31388 _d31388 |
||